Matematici, ja a ty

Bibliographic Details
Main Author: Bero, Peter, 1950- (Author)
Other Authors: Tóth, Dezider, 1947- (Illustrator)
Format: Book
Language:Slovak
PhysicalDescription:216 s. ilustrácie 21 cm
Published: Bratislava Mladé letá 1989
ISBN:8006001189
Edition:1. vyd.
Subjects:

MARC

LEADER 00000cam a2200000 a 4500
001 vtls001081316
003 SK-MaSNL
005 20260301000853.0
008 240226s1989 xo a cr 000 0 slo
015 |a SNBA1989/06 
020 |a 8006001189  |q (viazané) 
035 |a SNK000024154 
035 |a 62970B0E-073E-47C8-A903-C3A6C270C86C 
035 |a urn:nbn:sk:snk-am00igq0 
040 |a SNK  |b slo  |c SNK  |e AACR2 
041 0 |a slo 
044 |a xo  |c SK 
072 7 |a 51  |x Matematika  |2 konspekt 
080 |a 51  |2 2011 
080 |a 82-93-053.6  |2 2011 
080 |a (0.062)  |2 2011 
100 1 |a Bero, Peter,  |d 1950-  |4 aut  |9 215146 
245 1 0 |a Matematici, ja a ty  |c Peter Bero ; Dezider Tóth 
250 |a 1. vyd. 
260 |a Bratislava  |b Mladé letá  |c 1989  |e Martin  |f Tlačiarne SNP 
300 |a 216 s.  |b ilustrácie  |c 21 cm 
366 |e 10000 výtl. 
521 1 |a Pre čitateľov od 13 rokov 
650 0 7 |a matematika  |2 SNKPH  |9 70174 
650 0 7 |a Mathematics  |2 SNKPHeng  |9 265620 
655 7 |a publikácie pre mládež  |2 SNKPH  |9 70434 
655 7 |a populárno-náučné publikácie  |2 SNKPH  |9 70460 
655 7 |a Juvenile literature  |2 SNKPHeng  |9 278419 
655 7 |a Popular works  |2 SNKPHeng  |9 90287 
700 1 |a Tóth, Dezider,  |d 1947-  |4 ill  |9 119863 
852 |a Slovenská národná knižnica 
919 |a 80-06-00118-9 
954 |a iná literatúra (príručky, kuchárske knihy, hobby literatúra, sprievodcovia) pôvodná (slovenská)  |2 lita 
958 |a OND 
958 |a EUIPO 
999 |c 533697  |d 535627 
952 |a SNK  |b SNK  |y VYP  |7 0  |p 17A0065641  |o snkSC 74420 D1  |i snkKSP 4180/89  |0 0  |1 0  |4 0  |d 1997-05-03  |l 0  |r 2004-12-31 00:00:00  |w 2026-02-23 
952 |a SNK  |b SNK  |y PREZ  |7 0  |p 17A0164384  |o snkSC 74420  |i snkKSP 4179/89  |0 0  |1 0  |4 0  |d 1998-10-28  |f 1  |l 0  |r 2025-07-30 00:00:00  |w 2026-02-23 
952 |t snkBER 51:929  |a SNKUST  |b SNKUST  |y PREZ  |7 0  |p 17A0340403  |o snkSC 74420 D2  |i snkKSP 4468/2002  |0 0  |1 0  |4 0  |d 2002-04-16  |l 0  |r 2025-03-21 00:00:00  |w 2026-02-23 
952 |a SNKLM  |b SNKLM  |y NEVYP  |7 0  |o snklmKK 955  |i snklm851/2001  |8 7  |0 0  |1 0  |4 0  |d 2006-07-19  |l 0  |r 2026-02-23 12:15:59  |w 2026-02-23